=LDR 00000nam 2200000 4500 =001 INLIS000000000047059 =005 20150709110912.0 =006 =007 =008 =035 ##$$0010-071500000000029 =082 ##$$a 028.5 =090 ##$$a 028.5 kim k.4 =100 ##$$a kim shin joong =245 ##$$a powerbible comic =260 ##$$a elrxmedia komptindo =300 ##$$a hln. 207 =850 ##$$a NPBMAT =990 ##$$a 2090101024/BPAP-NTB/2015